| 000 | 00972nac a22002531u 4500 | ||
|---|---|---|---|
| 010 | _a 2007923633 | ||
| 020 | _a0735623821 : | ||
| 020 | _a9780735623828 : | ||
| 035 | _a(OCoLC)ocn141384058 | ||
| 082 | 0 | 0 |
_a004.682 _bCUR |
| 090 |
_c8711 _d8711 |
||
| 100 | _aCurry, Ben. | ||
| 245 | 1 | 0 |
_aMicrosoft SharePoint products and technologies : administrator's pocket consultant / _badministrator's pocket consultant / _cBen Curry. |
| 260 |
_aRedmond, Wash. : _bMicrosoft Press,2007. _cc2007. |
||
| 300 |
_axix, 408 p. : _bill. ; _c21 cm. |
||
| 500 | _aIncludes index. | ||
| 500 | _a Distributer: Bacca | ||
| 511 | _aCatalogued by: Sara | ||
| 650 | 0 | _aIntranets (Computer networks) | |
| 650 | 0 | _aWeb servers. | |
| 856 | 4 | 1 |
_3Table of contents _uhttp://www.loc.gov/catdir/toc/fy0801/2007923633.html |
| 942 |
_cBB _k004.682CUR |
||
| 999 |
_c8711 _d8711 |
||